ბათუმის შოთა რუსთაველის სახელმწიფო უნივერსიტეტის ბიბლიოთეკა

Algorithm Design: Foundations,Analysis and internet Examples (ბიბ.ჩანაწერი № 49217)

000 -LEADER
fixed length control field 00718nam a2200241Ia 4500
001 - CONTROL NUMBER
control field 16129
003 - CONTROL NUMBER IDENTIFIER
control field GE_BSU
008 - FIXED-LENGTH DATA ELEMENTS--GENERAL INFORMATION
fixed length control field 181216s||||||||xx |||||||||||||| ||und||
020 ## - INTERNATIONAL STANDARD BOOK NUMBER
International Standard Book Number 9788126509867
040 ## - CATALOGING SOURCE
Transcribing agency GE_BSU
080 ## - UNIVERSAL DECIMAL CLASSIFICATION NUMBER
Universal Decimal Classification number 004.21
100 ## - MAIN ENTRY--PERSONAL NAME
Personal name Goodrich,Michael T. Tamassia,Roberto
245 ## - TITLE STATEMENT
Title Algorithm Design: Foundations,Analysis and internet Examples
250 ## - EDITION STATEMENT
Edition statement Second edition
260 ## - PUBLICATION, DISTRIBUTION, ETC.
Place of publication, distribution, etc. Wiley-India
260 ## - PUBLICATION, DISTRIBUTION, ETC.
Date of publication, distribution, etc. 2013
300 ## - PHYSICAL DESCRIPTION
Extent 708p.22cm.
653 ## - INDEX TERM--UNCONTROLLED
Uncontrolled term Algorithm Design: Foundations,Analysis and internet Examples
653 ## - INDEX TERM--UNCONTROLLED
Uncontrolled term ინფორმატიკა
653 ## - INDEX TERM--UNCONTROLLED
Uncontrolled term საინფორმაციო ტექნოლოგიები
942 ## - ADDED ENTRY ELEMENTS (KOHA)
Koha item type წიგნი
ეგზემპლარები
Withdrawn status Lost status Damaged status Not for loan Date acquired Barcode Date last seen Price effective from Koha item type
        2018-12-17 40301 2018-12-17 2018-12-17 წიგნი